000 01038nam a2200301Ia 4500
001 Para_6028
003 CHAP
008 220125s1991 xx 000 0 und d
010 _a204783
040 _cCHAP
090 _aPA TESIS 612
100 _aDomínguez Sedeño, Eleuterio
_933888
245 _aFertilida de Epilachna varivestis Mulsant Coleoptera :
_b Coccinellidae) en tres variedades de frijol bajo condiciones naturales /
_c por Eleuterio Domínguez Sedeño
260 _aChapingo, Méx. :
_b el autor
300 _a50 h.
502 _aTesis (Ing. Agr. Esp. en Parasitología Agrícola) -- UACh. Departamento de Parasitología Agrícola
650 _aCoccinélidos
_924203
650 _aEpilachna varisvestis
_9164743
650 _aFrijol
_x plagas
_943415
710 _aUACh. Departamento Parasitología Agrícola
_9164025
901 _aPA TESIS 612
902 _aA
905 _a0000001991 0000000000 00
910 _a1991
942 _cPARA
942 _cPARA
_d1
999 _c204783
_d204783